000 00329nam a2200145Ia 4500
008 230718s9999 xx 000 0 und d
041 _aEng.
082 _a346.4
_bCHO-M
100 _aChodhry A.G
245 0 _aMercantile law
260 _aPakistan
_bKhyber law publisher
_c2010
300 _a574
650 _aLaw
999 _c30458
_d30458